| 000 | 00359nam a2200133Ia 4500 | ||
|---|---|---|---|
| 005 | 20251222152646.0 | ||
| 008 | 251222s9999||||xx |||||||||||||| ||spa|| | ||
| 020 | _a9789972511660 | ||
| 082 | _a353.4/V35 | ||
| 100 | _aVásquez Luque, Tania | ||
| 245 | 0 | _aLa Descentralización Educación 1996 - 2001 | |
| 264 | _bInstituto de Estudios Peruanos | ||
| 942 | _cLIB | ||
| 999 |
_c28280 _d28280 |
||